<?xml version="1.0" encoding="UTF-8"?>
<record
    xmlns:xsi="http://www.w3.org/2001/XMLSchema-instance"
    xsi:schemaLocation="http://www.loc.gov/MARC21/slim http://www.loc.gov/standards/marcxml/schema/MARC21slim.xsd"
    xmlns="http://www.loc.gov/MARC21/slim">

  <leader>00549nam a22001817a 4500</leader>
  <controlfield tag="003">UA-OsUOA</controlfield>
  <controlfield tag="001"> 9248 </controlfield>
  <controlfield tag="007">ta</controlfield>
  <controlfield tag="008">20041026b un ||||| |||| 00| 0 ukr d</controlfield>
  <datafield tag="100" ind1=" " ind2=" ">
    <subfield code="a">&#x41A;&#x43E;&#x440;&#x43E;&#x433;&#x43E;&#x434;&#x441;&#x44C;&#x43A;&#x438;&#x439; &#x420;.</subfield>
  </datafield>
  <datafield tag="942" ind1=" " ind2=" ">
    <subfield code="c">SA</subfield>
  </datafield>
  <datafield tag="040" ind1=" " ind2=" ">
    <subfield code="a">UA-OsUOA</subfield>
    <subfield code="c">UA-OsUOA</subfield>
    <subfield code="d">UA-OsUOA</subfield>
  </datafield>
  <datafield tag="245" ind1=" " ind2=" ">
    <subfield code="a">... &#x41D;&#x430; &#x456;&#x43C;'&#x44F; &#x41C;&#x438;&#x43A;&#x43E;&#x43B;&#x430; &#x417;&#x435;&#x440;&#x43E;&#x432; : &#x41B;&#x438;&#x441;&#x442;&#x438; &#x434;&#x43E; &#x421;&#x43E;&#x444;&#x456;&#x457; &#x417;&#x435;&#x440;&#x43E;&#x432;&#x43E;&#x457; &#x437;&#x456; &#x421;&#x43E;&#x43B;&#x43E;&#x432;&#x43A;&#x456;&#x432;</subfield>
  </datafield>
  <datafield tag="300" ind1=" " ind2=" ">
    <subfield code="a">&#x421;.123-133</subfield>
  </datafield>
  <datafield tag="955" ind1=" " ind2=" ">
    <subfield code="a">0</subfield>
  </datafield>
  <datafield tag="773" ind1="0" ind2=" ">
    <subfield code="w">0</subfield>
    <subfield code="t">&#x421;&#x443;&#x447;&#x430;&#x441;&#x43D;&#x456;&#x441;&#x442;&#x44C;</subfield>
    <subfield code="d">&#x41A;&#x438;&#x457;&#x432;</subfield>
    <subfield code="d">2004</subfield>
    <subfield code="g">&#x2116;10</subfield>
  </datafield>
  <datafield tag="650" ind1=" " ind2="7">
    <subfield code="a">&#x417;&#x435;&#x440;&#x43E;&#x432; &#x41C;&#x438;&#x43A;&#x43E;&#x43B;&#x430;</subfield>
    <subfield code="2">UDC</subfield>
  </datafield>
  <datafield tag="999" ind1=" " ind2=" ">
    <subfield code="c">295409</subfield>
    <subfield code="d">295409</subfield>
  </datafield>
</record>
